00714nam a2200217 4500003000800000005001700008008004100025020001900066040002300085041000800108082002800116100002100144245010300165260004100268300002000309490004100329504002400370650003800394650003800432700002600470MIRAKIL20200127160723.0200127b tu ||||| |||| 00| 0 tur d a9789750164620  aTR-AnCHPcTR-AnCHP atur a346.561045bÇ64i 20111 aÇolak, İlker10aİmar planları, imar uygulamaları ve iptal davaları / cİlker Çolak, Gürsel Öngören. aİstanbul:bLegal Kitapevi,c 2011. a240 s.:c24 sm.0 aÖngören Hukuk Yayınları ; v4. aKaynakça vardır. 0aÖzel hukukxBölgesel planlama 0aİmar hukukuxDavalarzTürkiye aÖngören, Gürsel